|
|
|
|
| LEADER |
01373nam a22003137a 4500 |
| 001 |
33875 |
| 003 |
BD-DhAAL |
| 005 |
20211123113630.0 |
| 008 |
181018r2009 enk||||| |||| 00| 1 eng d |
| 999 |
|
|
|c 40094
|d 40094
|
| 020 |
|
|
|a 9780007275700
|
| 040 |
|
|
|a BD-DhAAL
|
| 082 |
|
|
|2 22
|a 823.914
|
| 100 |
|
|
|a O'Neill, Joseph
|9 28476
|
| 245 |
|
|
|a Netherland /
|c Joseph O'Neill
|
| 250 |
|
|
|a Fourth Estate Edition
|
| 260 |
|
|
|a London :
|b Harper Perennial,
|c 2009.
|
| 300 |
|
|
|a 256 pages ;
|c 20 cm.
|
| 500 |
|
|
|a Originally published: London: Fourth Estate, 2008.
|
| 520 |
|
|
|a
Alone in New York, Dutchman Hans van den Broek seeks refuge in the game of his childhood - cricket. Years later a friend is found murdered and Hans is forced to remember his unlikely friendship with Chuck - a dreamer, visionary, and perhaps something darker 2009.
|
| 526 |
|
|
|a ENH
|
| 541 |
|
|
|a Karim International
|e 33875
|
| 650 |
|
|
|a Male friendship
|v Fiction.
|9 28477
|
| 650 |
|
|
|a Cricket
|z New York (State)
|z New York
|9 28478
|
| 650 |
|
|
|a Separation (Psychology)
|v Fiction.
|9 28479
|
| 650 |
|
|
|a English literature
|9 43032
|
| 852 |
|
|
|a Ayesha Abed Library
|c General Stacks
|
| 942 |
|
|
|2 ddc
|c BK
|
| 952 |
|
|
|0 0
|1 0
|2 ddc
|4 0
|6 823_914000000000000_ONE
|7 0
|9 64480
|a BRACUL
|b BRACUL
|c GEN
|d 2018-10-15
|e Karim International
|g 714.00
|l 1
|m 30
|o 823.914 ONE
|p 3010033875
|r 2022-03-24
|s 2020-01-14
|t 1
|v 714.00
|w 2018-10-15
|y BK
|